| 000 | 00649nam a2200193Ia 4500 | ||
|---|---|---|---|
| 008 | 140626s9999 xx 000 0 und d | ||
| 100 | _aKulatunga-Moruzi, Chan. | ||
| 245 |
_aTeaching postraining : _binfluencing diagnostic strategy with instruction at test / _cChan Kulatunga-Moruzi ... [et al.]. |
||
| 260 | _cc2011. | ||
| 300 | _a17 : 3, page 195 | ||
| 440 | _aJournal of Experimental Psycholgy : Applied | ||
| 521 | _aPSYCH | ||
| 650 | _aAnalytic processing. | ||
| 650 | _aCoordination of diagnostic processes. | ||
| 650 | _aMedical cognition. | ||
| 650 | _aMedical education. | ||
| 650 | _aSimilarity-based processing. | ||
| 942 | _cSE | ||
| 999 |
_c121317 _d121317 |
||